LEADER 00986nam a2200253 u 4500 001 000000028192 003 CaOOAMICUS 005 20070226111756.0 008 960514s1937 it u000 u lat u 035 $a10731423 040 $aPUL$bita 100 1 $aVellico, Antonio Maria,$cO.F.M.$0(OLS)http://pul/name/16833 245 10$aDe episcopatu in catholica doctrina. 260 $aRoma :$bs.e.,$c1937$fRomolo Pioda 300 $a187 p. ;$c24 cm 500 $aCopia fotostatica dattiloscritta 650 4$aVescovi.$0(OLS)http://pul/subject/210 650 4$aDottrina cattolica.$0(OLS)http://pul/subject/9767 850 $aPUL 852 $aPUL$W1$xDP1 Fondo Maccarrone$y58$m1505 E 8$j39186$nBK-PRI$b $qFondi$B39186$CPULBib$Z2$F39186 $H $81 941 1 $a1 961 $aINV: 01548 -- Fondo Mons. M. Maccarrone 996 $6245$aDe episcopatu in catholica doctrina$9(OLS)http://pul/title/38516 996 $6260$aRoma :$bs.e.$9(OLS)http://pul/publisher/60036 LEADER 01797nam a2200397 u 4500 001 000000034063 003 CaOOAMICUS 005 20150612112903.0 008 971121s1989 it u000 u ita u 020 $a8839903585 035 $a10776893 040 $aPUL$bita$dMSA 041 1 $aita$heng 100 1 $aO'Collins, Gerald,$cS.I.$0(OLS)http://pul/name/25696 240 10$aJesus risen. An historical, fundamental and systematic examination of Christ's Resurrection.$lItaliano.$0(OLS)http://pul/title/46952 245 10$aGesł risorto :$bun'indagine biblica, storica e teologica sulla risurrezione di Cristo /$cGerald o'Collins. 260 $aBrescia :$bQueriniana,$c1989. 300 $a265 p.$c23 cm 490 1 $aBiblioteca di teologia contemporanea ;$v58 500 $aTraduzione dall'inglese di Vilma Occhipinti Gozzini. 504 $aInclude indici e riferimenti bibliografici. 650 4$aCristologia.$0(OLS)http://pul/subject/1402 830 0$aBiblioteca di teologia contemporanea ;$v58.$0(OLS)http://pul/title/7472 850 $aPUL 852 $aPUL$W1$xSL Religione 3$y85$m200 BTC 1.58$j46743$nBK-PRI$b $qDDC 21$B46743$CPULBib$Z2$F46743 $82 852 $aPUL$W1$xDP1 Fondo S. Lanza$y121$m3 A 84.58$j166109$qFondi$B166611$CPULBib$Z2$F166611 $HLAN7 $82 941 1 $a9 941 1 $a1 960 $aIesus Christus$91402 960 $aIesus Christus$91402 961 $aINV: 61004 -- ordinario 961 $aNota ms. di possesso: Sergio Lanza 983 0$aBTC. 996 $6020$a8839903585$9(OLS)http://pul/number/42754 996 $6245$aGesł risorto :$bun'indagine biblica, storica e teologica sulla risurrezione di Cristo$9(OLS)http://pul/title/46953 996 $6260$aBrescia :$bQueriniana$9(OLS)http://pul/publisher/47906